|
|
|
|
| LEADER |
00000nam0a2200000 4500 |
| 001 |
291906 |
| 005 |
20231102000435.0 |
| 035 |
|
|
|a (RuTPU)RU\TPU\book\316501
|
| 090 |
|
|
|a 291906
|
| 100 |
|
|
|a 20150417d1962 k y0rusy50 ca
|
| 101 |
1 |
|
|a rus
|c eng
|
| 102 |
|
|
|a RU
|
| 105 |
|
|
|a a z 001zy
|
| 200 |
1 |
|
|a Логика и цепи переключения
|e сокр. пер. с англ.
|f А. М. Хилтон
|
| 210 |
|
|
|a Москва
|a Ленинград
|c Госэнергоиздат
|d 1962
|
| 215 |
|
|
|a 88 с.
|c черт.
|
| 225 |
1 |
|
|a Библиотека по автоматике
|v Вып. 55
|
| 320 |
|
|
|a Библиогр.: с. 77-80.
|
| 606 |
1 |
|
|a Математическая логика
|2 stltpush
|3 (RuTPU)RU\TPU\subj\41205
|9 61013
|
| 606 |
1 |
|
|a Счетные машины и приборы вычислительные электронные
|2 stltpush
|3 (RuTPU)RU\TPU\subj\58427
|9 76218
|
| 606 |
1 |
|
|a Автоматика
|2 stltpush
|3 (RuTPU)RU\TPU\subj\749
|9 29560
|
| 610 |
1 |
|
|a символическая логика
|
| 610 |
1 |
|
|a множества
|
| 610 |
1 |
|
|a логическое следование
|
| 610 |
1 |
|
|a алгебра логики
|
| 610 |
1 |
|
|a управляющие вычислительные машины
|
| 610 |
1 |
|
|a схемы
|
| 675 |
|
|
|a 510.6
|v 3
|
| 675 |
|
|
|a 681.3.05
|v 3
|
| 675 |
|
|
|a 681.51
|v 3
|
| 700 |
|
1 |
|a Хилтон
|b А. М.
|g Алиса Мери
|
| 801 |
|
1 |
|a RU
|b 63413507
|c 20150417
|
| 801 |
|
2 |
|a RU
|b 63413507
|c 20220221
|g RCR
|
| 942 |
|
|
|c BK
|